000
00341 a2200169 4500
001
182713
020
_a
040
_c
Magnum
100
_a
Queirós, Eça de
240
1
0
_a
A relíquia
_l
por
245
1
0
_a
A relíquia
300
_a
254
362
0
_a
1997
440
1
_a
Ediouro
697
_a
LITERATURA GERAL ESTRANGEIRA
942
_c
BK
999
_c
182713
_d
182713